000 00869nam a2200253Ia 4500
003 OSt
005 20221005110715.0
006 a|||||r|||| 00| 0
007 ta
008 221004b |||||||| |||| 00| 0 hin d
020 _a9788126719860 (hbk)
_c250
024 _a106029
037 _b1461, 17/03/2011, Kiran Book Service
_cTextual
040 _aCRL
_cCRL
_bhin
041 _2hin
_ahin
082 _aD65,8(B), 152Q1
100 _aमुले, गुणाकर
245 0 _aकम्प्यूटर क्या है
246 _aKampyūṭar kyā hai
260 _aनई दिल्ली
_bराजकमल प्रकाशन भारत
_c2011
300 _a191पृ0
_ccm.
942 _hD65,8(B), 152Q1
_cTEXL
_2cc
999 _c1019638
_d1019638